000 00975cam a22002651 4500
999 _c128763
_d128763
001 10184348
003 ARRUPE
005 20190110115830.0
008 740311s1939 mauabj b 000 0 eng
010 _a 39008302
035 _a(OCoLC)826143
040 _aDLC
_cODaU
_dOCoLC
_dDLC
042 _apremarc
050 0 0 _aSPC. D102
_b.F56 1960
082 _a940
100 1 _aFisher, H. A. L.
_q(Herbert Albert Laurens),
_d1865-1940.
_943960
245 1 2 _aA history of Europe ...
_cby H.A.L. Fisher ...
_bfrom the beginning of the 18th century to 1935
250 _avol. 2
260 _aCambridge,
_bCollins,
_c1960.
300 _a1376p. ;
_c19cm.
504 _a"Books which may be consulted" at end of most of the chapters.
651 0 _aEurope
_xHistory.
_943961
906 _a7
_bcbc
_coclcrpl
_du
_encip
_f19
_gy-gencatlg
942 _2lcc
_cSPC